000 00393nam a2200133Ia 4500
005 20260328104327.0
008 260328s9999||||xx |||||||||||||| ||und||
100 _aMoreno, Carlos
245 0 _aPatrimonio de la Producción Rural en el Antiguo Partido de Cañuelas /
_cCarlos Moreno
260 _bFundación arquitectura y patrimonio
300 _a224 p.
650 _aARGENTINA
942 _cBK
999 _c11559
_d11559